00325 2200145 4500001002100000005001500021035002000036245002900056100001800085300001200103260003000115082000800145084001400153990001200167INLIS00000000000193920250522083729 a0010-05250002311 aEdensor /cAndrea Hirata0 aAndrea Hirata a294 hlm aJakarta :bBintang,c2008 a813 a813 AND e a0713459